Soft power:the means to success in world politics (Record no. 443629)

000 -LEADER
fixed length control field 00552cam a22001697a 4500
008 - FIXED-LENGTH DATA ELEMENTS--GENERAL INFORMATION
fixed length control field 180718b2012 xxu||||| |||| 00| 0 eng d
020 ## - INTERNATIONAL STANDARD BOOK NUMBER
International Standard Book Number 9789380502908
082 ## - DEWEY DECIMAL CLASSIFICATION NUMBER
Classification number D N984s
100 ## - MAIN ENTRY--PERSONAL NAME
Personal name Nye, Joseph S.
245 ## - TITLE STATEMENT
Title Soft power:the means to success in world politics
Statement of responsibility, etc. by Joseph S. Nye
260 ## - PUBLICATION, DISTRIBUTION, ETC.
Place of publication, distribution, etc. New Delhi
Name of publisher, distributor, etc. KW
Date of publication, distribution, etc. 2012
300 ## - PHYSICAL DESCRIPTION
Extent 191p.
650 ## - SUBJECT ADDED ENTRY--TOPICAL TERM
Topical term or geographic name entry element United States --Foreign relations --2001-
650 ## - SUBJECT ADDED ENTRY--TOPICAL TERM
Topical term or geographic name entry element United States --Foreign relations --Philosophy
650 ## - SUBJECT ADDED ENTRY--TOPICAL TERM
Topical term or geographic name entry element World politics --1989-
650 ## - SUBJECT ADDED ENTRY--TOPICAL TERM
Topical term or geographic name entry element Power (Social sciences) --United States
Holdings
Withdrawn status Lost status Damaged status Not for loan Permanent Location Current Location Date acquired Full call number Barcode Date last seen Price effective from Koha item type
        Indian Institute of Public Administration Indian Institute of Public Administration 2014-02-13 D N984s 85470 2019-12-16 2018-07-21 Book

Powered by Koha